header

The Black youth employment crisis (Record no. 39276)

MARC details
000 -LEADER
fixed length control field 01498nam a2200373 a 4500
082 04 - DEWEY DECIMAL CLASSIFICATION NUMBER
Classification number 331.3/46396073
245 04 - TITLE STATEMENT
Title The Black youth employment crisis
260 ## - PUBLICATION, DISTRIBUTION, ETC. (IMPRINT)
Place of publication Chicago :
Name of publisher University of Chicago Press,
Year of publication 1986.
300 ## - PHYSICAL DESCRIPTION
Number of Pages viii, 469 p. :
Other physical details ill.
490 1# - SERIES STATEMENT
Series statement National Bureau of Economic Research project report
650 #0 - SUBJECT ADDED ENTRY--TOPICAL TERM
Topical Term African American youth
Topical Term Unemployment
700 1# - ADDED ENTRY--PERSONAL NAME
Personal name Freeman, Richard B.
Personal name Holzer, Harry J.,
856 40 - ELECTRONIC LOCATION AND ACCESS
Uniform Resource Identifier http://site.ebrary.com/lib/rucke/Doc?id=10230029

No items available.

© 2026 Rongo University
Contact us: librarian | system librarian | Rongo university